000 00300nam a22001337a 4500
008 170215b xxu||||| |||| 00| 0 eng d
020 _a9781591032168
041 _aeng
080 _22ND
_a61
100 _a4
101 _aSHM
245 _aDIFFERENTIAL DIAGNOSIS POCKET
_cSAILER, CH
942 _2udc
_cBK
999 _c5583
_d5583